书目信息 |
| 题名: |
非线性发展方程
|
|
| 作者: | 李大潜 , 陈韵梅 著 | |
| 分册: | ||
| 出版信息: | 北京 科学出版社 1989.12 |
|
| 页数: | 223页 | |
| 开本: | 20cm | |
| 丛书名: | 现代数学基础丛书 | |
| 单 册: | ||
| 中图分类: | O175.8 | |
| 科图分类: | ||
| 主题词: | 数学分析 | |
| 电子资源: | ||
| ISBN: | 7-03-001277-1 | |
| 000 | 00652nam2 2200229 45 | |
| 001 | 0110240982 | |
| 005 | 20040706175539.0 | |
| 010 | @a7-03-001277-1@dCNY8.60 | |
| 100 | @a20011024d1989 km y0chiy0120 ea | |
| 101 | 0 | @achi |
| 105 | @a z 000yy | |
| 200 | 1 | @a非线性发展方程@AFei Xian Xing Fa Zhan Fang Cheng@f李大潜,陈韵梅著@FLi Da Qian,Chen Yun Mei Zhu |
| 210 | @a北京@c科学出版社@d1989.12 | |
| 215 | @a223页@d20cm | |
| 225 | @a现代数学基础丛书 | |
| 410 | @12001 @a现代数学基础丛书 | |
| 606 | 0 | @a数学分析 |
| 690 | @aO175.8@v4 | |
| 701 | @a李大潜@4著 | |
| 701 | 0 | @a陈韵梅@4著 |
| 801 | @aCN@bTSTC@c20011024 | |
| 905 | @f1@b224221@dO175.8@e79 | |
| 非线性发展方程/李大潜,陈韵梅著.-北京:科学出版社,1989.12 |
| 223页;20cm.-(现代数学基础丛书) |
| ISBN 7-03-001277-1:CNY8.60 |
| ● |
| 相关链接 |
|
|
|
|
正题名:非线性发展方程
索取号:O175.8/79
 
预约/预借
| 序号 | 登录号 | 条形码 | 馆藏地/架位号 | 状态 | 备注 |
| 1 | 0224221 | 001953826 | 第三借阅区/ [索取号:O175.8/79] | 在馆 | |
| 2 | 0224222 | 001634306 | 第二样本阅览室/ [索取号:O175.8/79] | 在馆 |